02245nam a2200385Ia 4500001001200000003000800012006001900020007001500039008004100054010001700095020001500112020001500127040002100142035002100163050002700184082001600211100001800227245009000245260004400335300001700379504005100396505069700447533015201144600007101296650005601367650005601423650005701479650005701536650003801593650003901631655002901670710001701699856012601716999001701842ebr10135414CaPaEBRm u cr cn|||||||||041001s2005 nyu sb 001 0 eng d z 2004059777 z1403978883 z1403968152 aCaPaEBRcCaPaEBR a(OCoLC)56053539814aPR2992.S47bE97 2005eb04a822.3/32221 aEvett, David.10aDiscourses of service in Shakespeare's Englandh[electronic resource] /cDavid Evett. aNew York :bPalgrave Macmillan,cc2005. aviii, 286 p. aIncludes bibliographical references and index.0 aCh. 1. The paradox of service and freedom -- Ch. 2. The hop and the pole : the limits of materialism -- Ch. 3. "Surprising confrontations" : discourses of service in The taming of the shrew -- Ch. 4. "Monsieur, we are not lettered" : classical influences and the early modern marketplace -- Ch. 5. "Clubs, bills, and partisans" : retainer violence and male bonding -- Ch. 6. Fidelis Servus...: good service and the obligations of obedience -- Ch. 7. ...Perpetuus Asinus : bad service and the primacy of the will -- Ch. 8. "A place in the story" : gender, commodity, alienation, and service -- Ch. 9. "As willing as bondage e'er of freedom" : the vindication of willing service in The tempest. aElectronic reproduction.bPalo Alto, Calif. :cebrary,d2011.nAvailable via World Wide Web.nAccess may be limited to ebrary affiliated libraries.10aShakespeare, William,d1564-1616xCharactersxHousehold employees. 0aMaster and servantzEnglandxHistoryy16th century. 0aMaster and servantzEnglandxHistoryy17th century. 0aHousehold employeeszEnglandxHistoryy16th century. 0aHousehold employeeszEnglandxHistoryy17th century. 0aMaster and servant in literature. 0aHousehold employees in literature. 7aElectronic books.2local2 aebrary, Inc.40uhttp://site.ebrary.com/lib/rucke/Doc?id=10135414zAn electronic book accessible through the World Wide Web; click to view c85065d85065